Cuentos para contar : (Registro nro. 32341)

Detalles MARC
000 -CABECERA
Longitud fija campo de control 00727nam a2200205 a 4500
003 - • IDENTIFICADOR DELl NÚMERO DE CONTROL
Identificador del número de control CO-ViMGA
005 - • FECHA Y HORA DE LA ÚLTIMA TRANSACCIÓN
Fecha y hora de la última transacción 20240806174723.0
008 - • CÓDIGOS DE INFORMACIÓN DE LONGITUD FIJA
Códigos de información de longitud fija 141112s2004 ck r 000 u spa d
020 ## - • NÚMERO INTERNACIONAL NORMALIZADO PARA LIBROS
Número Internacional Normalizado para Libros (ISBN) 9789583384738 (colección)
040 ## - FUENTE DE LA CATALOGACIÓN
Centro catalogador de origen CO-ViMGA
Lengua de catalogación spa
Centro transcriptor CO-ViMGA
082 04 - • NÚMERO DE LA CLASIFICACIÓN DECIMAL DEWEY
Número de clasificación (R) Co863.44 C826
245 10 - • TITULO PROPIAMENTE DICHO
Título Cuentos para contar :
Resto del título cuentos populares colombianos /
Mención de responsabilidad, etc. [edición, Lina Mejía Correa, Tita Maya]
250 ## - • MENCIÓN DE EDICIÓN
Mención de edición Primera ecición
300 ## - • DESCRIPCIÓN FÍSICA
Extensión 161 páginas
Otras características físicas ilustraciones a color
Dimensiones 27cm
490 ## - • MENCIÓN DE SERIE
Mención de serie Secretos para contar
650 14 - • PUNTO DE ACCESO ADICIONAL DE MATERIA - TÉRMINO DE MATERIA
Término de materia o nombre geográfico como elemento inicial Cuentos colombianos - Siglo XXI
700 1# - • PUNTO DE ACCESO ADICIONAL - NOMBRE DE PERSONA
Nombre de persona Mejía Correa, Lina, ed.
942 ## - ENTRADA DE ELEMENTOS AGREGADOS (KOHA)
Fuente de clasificaión o esquema Dewey Decimal Classification
Koha [por defecto] tipo de item LIbro
990 ## - EQUIVALENCIA O SECCIÓN-REFERENCIA [LOCAL, CANADA]
Enlace de información para campos 9XX Fundación Secretos para Contar 2 ejemplares 21 27/05/2011 n a763810
Existencias
Perdido Fuente de clasificación o esquema Estado Físico No para préstamo Forma de adquisición Localización permanente Localización actual Fecha adquisición Serie de enumeración / cronolog&íacute;a Préstamos totales Signatura completa Código de barras Fecha última consulta Fecha último préstamo Número de copia Fecha del precio de reemplazo Tipo de item de Koha Localización en estanterías
  Dewey Decimal Classification     Infantil Biblioteca Pública Dorado Biblioteca Pública Dorado 02/16/2024     Co863.44 C826 DOR03192 02/16/2024   Ej.1 02/16/2024 LIbro Sala Infantil
  Dewey Decimal Classification     Sala General Segundo Piso Biblioteca Pública Germán Arciniegas - Villavicencio Biblioteca Pública Germán Arciniegas - Villavicencio 12/04/2015 10/jul/2012 1 Co863.44 C826 25276 02/17/2023 06/17/2016 Ej. 1 12/04/2015 LIbro  
  Dewey Decimal Classification     Infantil Biblioteca Pública Granada - Boca del Monte Biblioteca Pública Granada - Boca del Monte 09/24/2025     Co863.44 C826 GRDA0060 09/24/2025   Ej.1 09/24/2025 LIbro Sala Infantil
  Dewey Decimal Classification     Infantil Biblioteca Pública Guamal Biblioteca Pública Guamal 08/06/2024     Co863.44 C826 GUA004053 08/06/2024   Ej.1 08/06/2024 Libro Infantil Sala Infantil
  Dewey Decimal Classification     Colección General Biblioteca Pública Puerto Concordia Biblioteca Pública Puerto Concordia 01/22/2026     Co863.44 C826 PCON00269 01/22/2026   Ej.1 01/22/2026 LIbro General
  Dewey Decimal Classification     Colección General Biblioteca Pública Uribe - Reinerio Arenas Biblioteca Pública Uribe - Reinerio Arenas 03/28/2025     C CUE7 URI02425 03/28/2025   Ej.1 03/28/2025 Libro Infantil Literatura









Instituto Departamental de Cultura del Meta - Red Departamental de Bibliotecas Públicas del Meta.